000 00467nam a2200157Ia 4500
008 150121s9999 xx 000 0 und d
020 _a0048-0932
245 _aNotre Dame Journal /
_h[electronic resource]
260 _bNotre Dame University,
_c2007.
516 _aElectronic text
650 _aPolitics and Government.
650 _aSocial Sciences.
830 _aPhilippine E-Journals
856 _uhttp://www.ejournals.ph/index.php?journal=NDJ
942 _cEJ
999 _c277064
_d277064